MARC details
| 000 -LEADER |
| fixed length control field |
02832pam a2200481 i 4500 |
| 001 - CONTROL NUMBER |
| control field |
1373387800 |
| 003 - CONTROL NUMBER IDENTIFIER |
| control field |
CPLPT |
| 005 - DATE AND TIME OF LATEST TRANSACTION |
| control field |
20230605160707.0 |
| 007 - PHYSICAL DESCRIPTION FIXED FIELD--GENERAL INFORMATION |
| fixed length control field |
tb |
| 008 - FIXED-LENGTH DATA ELEMENTS--GENERAL INFORMATION |
| fixed length control field |
230420s2023 meu ed 000 1 eng d |
| 010 ## - LIBRARY OF CONGRESS CONTROL NUMBER |
| LC control number |
2023930236 |
| 020 ## - INTERNATIONAL STANDARD BOOK NUMBER |
| International Standard Book Number |
9781638087250 |
| Qualifying information |
(hardback : alkaline paper) : |
| Terms of availability |
$38.95 |
| 035 ## - SYSTEM CONTROL NUMBER |
| System control number |
(OCoLC)1373387800 |
| 040 ## - CATALOGING SOURCE |
| Original cataloging agency |
CPLPT |
| Language of cataloging |
eng |
| Description conventions |
rda |
| Transcribing agency |
CPLPT |
| 043 ## - GEOGRAPHIC AREA CODE |
| Geographic area code |
n-cn-on |
| 092 ## - LOCALLY ASSIGNED DEWEY CALL NUMBER (OCLC) |
| Classification number |
Large Print Fiction |
| Item number |
Marshall |
| 100 1# - MAIN ENTRY--PERSONAL NAME |
| Personal name |
Marshall, Heather |
| Fuller form of name |
(Heather J.), |
| Relator term |
author. |
| Relator code |
aut. |
| 9 (RLIN) |
6463727 |
| 245 10 - TITLE STATEMENT |
| Title |
Looking for Jane : |
| Remainder of title |
a novel / |
| Statement of responsibility, etc |
Heather Marshall. |
| 250 ## - EDITION STATEMENT |
| Edition statement |
Center Point Large Print edition. |
| 264 #1 - Production, Publication, Distribution, Manufacture, and Copyright Notice. |
| Place of production, publication, distribution, manufacture |
Thorndike, Maine : |
| Name of producer, publisher, distributor, manufacturer |
Center Point Large Print, |
| Date of production, publication, distribution, manufacture, or copyr |
2023. |
| 264 #4 - Production, Publication, Distribution, Manufacture, and Copyright Notice. |
| Date of production, publication, distribution, manufacture, or copyr |
2. |
| 300 ## - PHYSICAL DESCRIPTION |
| Extent |
534 pages (large print) ; |
| Dimensions |
23 cm. |
| 336 ## - Content Type |
| Content type term |
text |
| 337 ## - Media type |
| Media type term |
unmediated |
| 338 ## - Carrier type |
| Carrier type term |
volume |
| 500 ## - GENERAL NOTE |
| General note |
Regular print version previously published by Atria Books. |
| 500 ## - GENERAL NOTE |
| General note |
Includes author's note with background information. |
| 500 ## - GENERAL NOTE |
| General note |
Includes reading group guide with discussion questions and an interview with the author. |
| 520 ## - SUMMARY, ETC. |
| Summary, etc |
"2017: When Angela Creighton discovers a mysterious letter containing a life-shattering confession, she is determined to find the intended recipient. Her search takes her back to the 1970s when a group of daring women operated an illegal underground abortion network in Toronto known only by its whispered code name: Jane. 1971: As a teenager, Dr. Evelyn Taylor was sent to a home for fallen women where she was forced to give up her baby for adoption -- a trauma she has never recovered from. Despite harrowing police raids and the constant threat of arrest, she joins the Jane Network as an abortion provider, determined to give other women the choice she never had. 1980: After discovering a shocking secret about her family, twenty-year-old Nancy Mitchell begins to question everything she has ever known. When she unexpectedly becomes pregnant, she feels like she has no one to turn to for help. Grappling with her decision, she locates Jane and finds a place of her own alongside Dr. Taylor within the network's ranks, but she can never escape the lies that haunt her."-- |
| 610 20 - SUBJECT ADDED ENTRY--CORPORATE NAME |
| Corporate name or jurisdiction name as entry element |
Jane (Abortion service) |
| Form subdivision |
Fiction. |
| 9 (RLIN) |
6468385 |
| 650 #0 - SUBJECT ADDED ENTRY--TOPICAL TERM |
| Topical term or geographic name as entry element |
Women |
| Geographic subdivision |
Canada |
| Form subdivision |
Fiction. |
| 9 (RLIN) |
6468386 |
| 650 #0 - SUBJECT ADDED ENTRY--TOPICAL TERM |
| Topical term or geographic name as entry element |
Motherhood |
| Form subdivision |
Fiction. |
| 9 (RLIN) |
5676094 |
| 650 #0 - SUBJECT ADDED ENTRY--TOPICAL TERM |
| Topical term or geographic name as entry element |
Choice (Psychology) |
| Form subdivision |
Fiction. |
| 9 (RLIN) |
5709971 |
| 650 #0 - SUBJECT ADDED ENTRY--TOPICAL TERM |
| Topical term or geographic name as entry element |
Reformatories for women |
| Form subdivision |
Fiction. |
| 9 (RLIN) |
5779063 |
| 650 #0 - SUBJECT ADDED ENTRY--TOPICAL TERM |
| Topical term or geographic name as entry element |
Abortion services |
| Geographic subdivision |
Ontario |
| -- |
Toronto |
| Form subdivision |
Fiction. |
| 9 (RLIN) |
6468387 |
| 650 #0 - SUBJECT ADDED ENTRY--TOPICAL TERM |
| Topical term or geographic name as entry element |
Abortion |
| Form subdivision |
Fiction. |
| 9 (RLIN) |
5696196 |
| 650 #0 - SUBJECT ADDED ENTRY--TOPICAL TERM |
| Topical term or geographic name as entry element |
Large type books. |
| 651 #0 - SUBJECT ADDED ENTRY--GEOGRAPHIC NAME |
| Geographic name |
Toronto (Ont.) |
| Form subdivision |
Fiction. |
| 655 #7 - INDEX TERM--GENRE/FORM |
| Genre/form data or focus term |
Historical fiction. |
| Source of term |
lcgft. |
| 655 #7 - INDEX TERM--GENRE/FORM |
| Genre/form data or focus term |
Large print books. |
| Source of term |
lcgft. |
| 9 (RLIN) |
5777956 |
| 907 ## - LOCAL DATA ELEMENT G, LDG (RLIN) |
| a |
.b474821985 |
| 942 ## - ADDED ENTRY ELEMENTS (KOHA) |
| Source of classification or shelving scheme |
Dewey Decimal Classification |
| Koha item type |
BOOK |